| 000 | 00698nam a2200205 u 4500 | ||
|---|---|---|---|
| 005 | 20210223131157.0 | ||
| 008 | 091117s2000 es r 000 0 spa d | ||
| 020 | _a8476585926 | ||
| 035 | _aUPN01000173769 | ||
| 049 | _aCG | ||
| 050 | 4 |
_aPQ6073 N6 _bT6.2 |
|
| 100 | 1 |
_aTomás, Facundo, _d1950- |
|
| 245 | 1 | 4 |
_aLas culturas periféricas y el síndrome del 98 / _cFacundo Tomás. |
| 260 |
_aBarcelona, Esp. : _bAnthropos, _c2000. |
||
| 300 |
_a213 p. : _bil. |
||
| 440 | 0 |
_aAutores, textos y temas. _pTeoría e historia de las artes |
|
| 650 | 4 |
_aLITERATURA ESPAÑOLA - _ySIGLOS XIX Y XX - _xHISTORIA Y CRITICA _916096 |
|
| 650 | 4 |
_aESPAÑA - _xVIDA INTELECTUAL - _ySIGLO XX _916099 |
|
| 905 | _aLibro | ||
| 999 |
_c145873 _d145873 |
||